000 00918nam a2200265Ia 4500
003 OSt
005 20220923224652.0
006 a|||||r|||| 00| 0
007 ta
008 220922b |||||||| |||| 00| 0 hin d
024 _a248,677
037 _cTextual
040 _aARTS
_cARTS
_bhin
041 _2hin
_ahin
082 _aO152vJ3, K0;N4.1
100 _aमिश्र, विश्वनाथप्रसाद
245 0 _aहिन्दी - साहित्य का अतीत
246 _aHindī - sāhitya kā atīta
260 _aवाराणासी
_b वाणीवितान प्रकाशन
_c1960
300 _a344पृ.
_ccm.
490 _vभाग 1
650 _aहिन्दी साहित्य
_9156264
942 _hO152vJ3, K0;N4.1
_cTEXL
_2CC
999 _c372843
_d372843